MDQL
is popping MORE tags! Check the
thread
!
Quizzes
Events
Quiz Creation
Community
Videos
Private Events
Remove Ads
Sign In
Join for FREE
Feedback
Dark Mode
Quiz Categories
Sports
Geography
Music
Movies
Television
Just For Fun
Miscellaneous
History
Literature
Language
Science
Gaming
Entertainment
Religion
Holiday
For Kids
Quiz Lab
Recent
Popular Today
Quiz Kudos Today
Editor Picks
Curator Picks
Quizzes by...
Day
Popularity
Type
Ratings
Length
Year
Community
Subscriptions
Recent Discussions
Orange Saloon
Badges
Playlists
Quests
Create
Leaderboards
Showdown
Live 5
Trivia Bingo
Activity
Puzzle Library
Sporcle Events
Private Events
Virtual Trivia
Globe League
Become a Host
Pub Owners
SporcleCon
Opinionation
Our Games
Videos
Blog
Mobile Apps
Partnerships
Remove Ads and Go Orange
Feedback
Movies
Disney
Marvel Cinematic Universe
Movie Resume
Movie Titles
Oscar
Actor
Actress
Director
Pixar
Role
Movie Quotes
Movie Characters
Box Office
Nominee
Best Picture
Star Wars
James Bond
Horror Movies
Movies
Disney
Marvel Cinematic Universe
Movie Resume
Movie Titles
Oscar
Actor
Actress
Director
Pixar
Role
Movie Quotes
Movie Characters
Box Office
Nominee
Best Picture
Star Wars
James Bond
Horror Movies
Random Quiz
Search Sporcle
×
Quiz Lab
Quiz Lab
Movies
Type in answers that appear in a list
Type in answers that appear in a list
Classic
Best Score? Go Orange.
Goonies' Names Stats
Can you name the Goonies' Names?
By
kippi
5m
8 Questions
240 Plays
240 Plays
240 Plays
Comments
Comments
Give Quiz Kudos
Give Quiz Kudos
-
- Ratings
hide this ad
More Info
Replay
Link that replays current quiz
Next Quiz
Link to next quiz in quiz playlist
You Got
0%
They Got
Avg Score
90%
Avg Friend Score
Upgrade to see
Score Distribution
Jump to the score distribution portion of the page
Score
0/8
Timer
05:00
0
Plays Today
Name
Goonie Name/Nickname
% Correct
Lawrence Cohen
Chunk
98.8%
Michael Walsh
Mikey
95.4%
Clark Devereaux
Mouth
94.6%
Richard Wang
Data
92.1%
Brandon Walsh
Brand
90%
Andrea Carmichael
Andy
88.3%
Lotney Fratelli
Sloth
83.3%
Stephanie Steinbrenner
Stef
79.2%
Quiz Playlist
Details
Report
Send in Message
Add To Playlist
More Info:
The Goonies (1985) - A really good movie!
Classic:
Type in answers that appear in a list
Quiz Source
Last Updated: Feb 16, 2017
Quiz Scoreboard
CHALLENGE
Sign Up to Join the Scoreboard
Show All
Scores
Hide
Comments
May contain spoilers
Recently Published
Find the 'City' Movie
by crazypaving
Movies
60s
5x2 Blitz: Bands
by SL_Kpop136
Music
30s
Colored Red Africa Blitz
by spor1
Geography
30s
More to Explore
Quiz From the Vault
Featured Blog Post
14 Easter Pick-up Lines to Find Eggs With
hide this ad
You Might Also Like...
Tags
This quiz does not have any tags.
Today's Top Quizzes in Movies
Browse Movies
hide this ad
Top Contributed Quizzes in Movies
1
Find The 'Big' Movie
2
Find The 'Blue' Movie
3
Find The 'Wild' Movie
4
Hidden Star Wars Character II
5
Pick 5 Posters: Directed by Spielberg
6
Hidden Star Wars Character III
7
Hidden Star Wars Character IV
8
Movies By Plot
9
Alfred Hitchcock Movies by Plot
10
Hidden Star Wars Character V
Explore More
Trending Topics
Crossword
Anime
Kpop
Harry Potter
NBA
Disney
Marvel
NFL
Song
Puzzle
WWE
The Office
Pokémon
Country
Soccer
hide this ad
More By:
kippi
Quiz
Plays
Rating
Category
Featured
Created
Easy Words in Spanish, in English
662
2.67
Miscellaneous
Jul 31, 2010
Goonies' Names
240
5.00
Movies
Aug 5, 2010
Easy Words in French, in English
211
4.00
Miscellaneous
Jul 31, 2010
Top 10 Most Populated Countries (2009)
153
2.33
Geography
Jul 31, 2010
Count in French
104
Language
Aug 12, 2010
Go to Creator's Profile
Score Distribution
Quiz Creator Spotlight
kippi
Follow
Send a Message
Quizzes Created
-
Created Quiz Play Count
-
More By This Creator
Popular Quizzes Today
1
5x2 Blitz: Bands
2
Find the 'City' Movie
3
Colored Red Africa Blitz
4
Find the US States - No Outlines Minefield
5
The Countries of the World
6
Find the US States
7
9x9 Crossword: Cartoon Network
8
US States
More Movies Quizzes
Horror Killers: Multiple Choice
Published
Trending Quizzes
Colored Red Africa Blitz II
Colored Red Europe Blitz I
Christmas Pick: Judaism
Colored Red Africa Blitz III
Colored Red Europe Blitz II
Recently Updated
Champions League XIs: Real Madrid
pecheneg
Largest US Cities 1790-2010
pecheneg
Rides in Walt Disney World
pecheneg
Most Oscar Losses (Acting)
pecheneg
Beyoncé Albums
pecheneg
Leaping Animals
pecheneg
Reality TV Shows (A-Z)
bhenderson79
Rickey Henderson's Hall of Fame Teammates
pecheneg
Champions League XIs: Arsenal
pecheneg
Quick Pick: Celebrities in WWE's Hall of Fame
aduchscher
Trending Topics
Kpop
Marvel
Harry Potter
Disney
NBA
Anime
Crossword
The Office
Pokémon
Puzzle
Soccer
Country
WWE
Song
NFL
Your Account Isn't Verified!
In order to create a playlist on Sporcle, you need to verify the email address you used during registration. Go to your
Sporcle Settings
to finish the process.
Report this User
Report this user for behavior that violates our
Community Guidelines
.
Details:
Send Report
Go to the Sporcle.com Mobile Site →
Comments